000 00897nam a2200277 i 4500
001 8781
003 ES-MaACL
005 20250819051802.0
007 t|
008 920929s1991 sp ||||1| spa d
020 _a84-7658-314-1
080 _a3:1
080 _a1:3
100 1 _aMardones, José María.
_976567
245 1 0 _aFilosofía de las ciencias humanas y sociales
_b: materiales para una fundamentación científica /
_cJ.M. Mardones.
250 _a[1ª ed.].
260 _aBarcelona :
_bAnthropos,
_c1991.
300 _a415 p. ;
_c20 cm.
490 1 _aAutores, textos y temas. Ciencias sociales ;
_v1
500 _aGlosario de términos.
504 _aBibliogr.: p. 407-412.
650 1 4 _aCiencias sociales-
_xFilosofía
_910993
830 0 _aAutores, textos y temas. Ciencias sociales ;
_v1
_9178372
852 _aES-MaACL
_jL-16207
_bR.120060
999 _c8781
_d8781